French Algeria on a Map - Statistics

General Stats
  • This quiz has been taken 12 times
  • The average score is 3 of 7
Answers on the Map
Answers color-coded by a green-red scale on the quiz's map according to % correct below.
 
Answer Stats
Answer % Correct
Oran
100%
Constantine
75%
Alger
63%
Aïn-Sefra
13%
Touggourt
13%
Ghardaïa
0%
Oasis
0%
No matching quizzes found
Score Distribution
Percent of People with Each Score
Percentile by Number Answered
Your Score History
You have not taken this quiz